Biología. La vida en la Tierra con fisiología
Saved in:
| Main Authors: | , , |
|---|---|
| Format: | Bog |
| Sprog: | spansk |
| Udgivet: |
Cuernavaca, México
Pearson Educación
2017
|
| Udgivelse: | 10a. ed |
| Fag: | |
| Tags: |
Tilføj Tag
Ingen Tags, Vær først til at tagge denne postø!
|
MARC
| LEADER | 00000cam a2200000 a 4500 | ||
|---|---|---|---|
| 001 | UCC8308 | ||
| 003 | CL-VaPUC | ||
| 005 | 20230112074259.0 | ||
| 008 | 190617e20170000mx |||||||||||||||||spa|d | ||
| 999 | |c 374658 |d 374656 | ||
| 020 | |a 9786073241519 | ||
| 040 | |c Pontificia Universidad Católica de Valparaíso | ||
| 082 | 0 | 4 | |a 570 AUD 2017 |2 21 |
| 100 | 0 | |a Audesirk, Teresa |e author |9 602985 | |
| 245 | 1 | 0 | |a Biología. |b La vida en la Tierra con fisiología |
| 250 | |a 10a. ed | ||
| 260 | |a Cuernavaca, México |b Pearson Educación |c 2017 | ||
| 300 | |a 985 páginas | ||
| 583 | |a last modification |c 20190617 11:18:00 |k Rodrigo Vera | ||
| 650 | 0 | |a Biología |9 262022 | |
| 650 | 7 | |a EVOLUCION DE LAS ESPECIES |2 CL-VaPUC |9 550613 | |
| 650 | 0 | |a Fisiología vegetal |9 260158 | |
| 650 | 0 | |a Anatomía humana |9 269546 | |
| 650 | 0 | |a Ecología |9 258124 | |
| 700 | 0 | |a Audesirk, Gerald |e author |9 602986 | |
| 700 | 0 | |a Byers, Bruce E |e author |9 602987 | |
| 852 | |a BIBEDU | ||
| 942 | |c BK |2 ddc | ||
| 945 | |d 20190617 11:18:00 |a dcastane | ||
| 952 | |0 0 |1 0 |3 erb |4 0 |6 570_000000000000000_AUD_2017 |7 0 |8 R |9 493309 |a BIBEDU |b BIBEDU |c MCIRC |d 2019-06-12 |e 11 |g 72500.00 |i 5552664 |l 4 |o 570 AUD 2017 |p 5552664 |r 2023-10-19 |s 2023-10-18 |v 72500.00 |w 2019-11-24 |y BK_R |z Catalogado en:20190617 |k EBA | ||
| 952 | |0 0 |1 0 |3 erb |4 0 |6 570_000000000000000_AUD_2017 |7 0 |8 R |9 493310 |a BIBEDU |b BIBEDU |c MCIRC |d 2019-06-12 |e 11 |g 72500.00 |i 5552656 |l 3 |o 570 AUD 2017 |p 5552656 |r 2024-04-10 |s 2024-04-10 |v 72500.00 |w 2019-11-24 |y BK_R |z Catalogado en:20190617 |k EBA | ||
| 952 | |0 0 |1 0 |3 erb |4 0 |6 570_000000000000000_AUD_2017 |7 0 |8 R |9 493311 |a BIBEDU |b BIBEDU |c MCIRC |d 2019-06-12 |e 11 |g 72500.00 |i 5552648 |l 4 |o 570 AUD 2017 |p 5552648 |r 2023-01-13 |s 2020-10-06 |v 72500.00 |w 2019-11-24 |y BK_R |z Catalogado en:20190617 |k EBA | ||